Znižovanie miery dedičnosti vzdelanostnej úrovne detí a medzigeneračná chudoba

Možnosti štátu a zriaďovateľov škôl pri inkluzívnom vzdelávaní detí zo sociálne znevýhodneného prostredia, žijúcich prevažne v prostredí medzigeneračnej chudoby. Nízke vzdelanie mladých ľudí a jeho dôsledky na pracovnom trhu.

Na minha lista:
Detalhes bibliográficos
Autor principal: André, Igor
Formato: Capítulo de Livro
Idioma:eslovaco
Assuntos:
Tags: Adicionar Tag
Sem tags, seja o primeiro a adicionar uma tag!

MARC

LEADER 00000naa a2200000 4500
001 0226911
005 20231127103642.0
041 0 |a slo 
044 |a SK 
245 1 0 |a Znižovanie miery dedičnosti vzdelanostnej úrovne detí a medzigeneračná chudoba  |c Igor André 
520 |a Možnosti štátu a zriaďovateľov škôl pri inkluzívnom vzdelávaní detí zo sociálne znevýhodneného prostredia, žijúcich prevažne v prostredí medzigeneračnej chudoby. Nízke vzdelanie mladých ľudí a jeho dôsledky na pracovnom trhu. 
610 2 0 |a školstvo 
610 2 0 |a školy základné 
610 2 0 |a sústava výchovno-vzdelávacia 
610 2 0 |a pedagogika sociálna 
610 2 0 |a integrácia 
610 2 0 |a vyučovanie 
610 2 0 |a začlenenie sociálne 
100 1 |a André, Igor